Estadísticas para Jugadores Históricos de River Plate #1

Haz click aquí para intentar la prueba.

Estadísticas generales

  • Esta prueba ha sido intentada 65 veces
    (60 desde el último reinicio)
  • La puntuación promedio es 23 de 36

Estadísticas de respuestas

Respuesta% Correcto
Ariel Ortega
96%
Leonardo Ponzio
94%
Enzo Francescoli
92%
Franco Armani
92%
Julian Alvarez
92%
Marcelo Barovero
92%
Marcelo Gallardo
92%
Pablo Aimar
92%
Juan Fernando Quintero
90%
Alfredo Di Stefano
88%
Ángel Labruna
88%
Oscar Ruggeri
88%
Radamel Falcao
85%
Ubaldo Fillol
85%
Fernando Cavenaghi
83%
Norberto Alonso
77%
Amadeo Carrizo
75%
Marcelo Salas
73%
Reinaldo Merlo
69%
German Burgos
65%
Leonardo Astrada
63%
Daniel Passarella
52%
Nery Pumpido
50%
Omar Sivori
48%
Americo Gallego
46%
Hector Enrique
44%
Jose Manuel Moreno
44%
Roberto Bonano
40%
Adolfo Pedernera
38%
Hernan Diaz
38%
Antonio Alzamendi
31%
Felix Loustau
23%
Carlos Peucelle
21%
Juan Carlos Muñoz
21%
Oscar Mas
21%
Jorge Gordillo
17%

Distribución de puntuación

Porcentaje por número respondido

Porcentaje de gente con cada puntuación

Historial de tus puntuaciones

No has intentado esta prueba desde el último reinicio